000 00755cam a2200253 4500
001 J1747
008 090401t1993 xxu||||| |||| 00| 0 eng d
035 _a(Sirsi) u45328
041 _aeng
050 _a333.336
110 _aFuller Peiser
_92056
245 _aWarehouse survey: the dramatic results of a survey on the occupiers needs for the future.
260 _aLondon
_bFuller Peiser
_c1993
300 _a4 items in folder ; 30cm.
350 _a0
520 _aProduced in association with members of High Store Warehouse Group.
650 _aOCCUPIERS NEEDS
650 _aOCCUPIERS REQUIREMENTS
650 _aWAREHOUSES
690 _aPROPERTY-COMMERCIAL PROPERTY
710 _aLansing Linde
_91046
942 _n0
948 _c04/03/1997
999 _c91689
_d91689